|
|
|
|
| LEADER |
00000naa a2200000 ar4500 |
| 001 |
vtls009279944 |
| 003 |
SK-MaSNL |
| 005 |
20260302141316.0 |
| 008 |
080328c2004 xo zr|p|||||||000 b|slo |
| 015 |
|
|
|a SNBRA2008/03
|2 snkbucl
|
| 038 |
|
|
|a SNKBUCL
|
| 040 |
|
|
|a SNKBUCL
|b slo
|c SNKBUCL
|e AACR2
|
| 041 |
0 |
|
|a eng
|b slo
|
| 044 |
|
|
|a xo
|c SK
|
| 080 |
|
|
|a 656.073.1/.3:339.137.2:336.1:502.131.1
|2 2001
|
| 080 |
|
|
|a 658.012.34
|2 2001
|
| 080 |
|
|
|a 339.137.2
|2 2001
|
| 080 |
|
|
|a 336.1
|2 2001
|
| 080 |
|
|
|a 502.131.1
|2 2001
|
| 100 |
1 |
|
|a Šulgan, Marián,
|d 1951-
|4 aut
|9 205630
|
| 245 |
1 |
0 |
|a Transport and logistics in the light of new competition surroundings
|c Marián Šulgan, Iveta Špircová
|
| 504 |
|
|
|a Res. slov.
|
| 546 |
|
|
|a Bibliogr. odkazy
|
| 650 |
0 |
7 |
|a doprava
|2 snkbucl
|9 1777
|
| 650 |
0 |
7 |
|a logistika (manažment)
|2 snkbucl
|9 3620
|
| 650 |
0 |
7 |
|a dopravná logistika
|2 snkbucl
|9 91341
|
| 650 |
0 |
7 |
|a konkurencieschopnosť
|2 snkbucl
|9 15191
|
| 650 |
0 |
7 |
|a spokojnosť zákazníkov
|2 snkbucl
|9 366583
|
| 650 |
0 |
7 |
|a trvalo udržateľný rozvoj
|2 snkbucl
|9 3353
|
| 700 |
1 |
|
|a Špircová, Iveta
|4 aut
|9 828498
|
| 773 |
0 |
|
|t Studies of Faculty of Operation and Economics of Transport and Communications of University of Žilina. Volume 21
|d Žilina : Edis, 2004
|g S. 257-260
|z 8080702748
|
| 852 |
|
|
|a SNK
|b KIS3GCP
|
| 958 |
|
|
|a NB
|
| 999 |
|
|
|c 1335103
|d 1337033
|